|
|
|
|
| LEADER |
00570cam a2200169 7i4500 |
| 001 |
0000028410 |
| 005 |
20130610090000.0 |
| 020 |
0 |
0 |
|a 9780071768504
|
| 090 |
0 |
0 |
|a B 658.872
|b CHA
|
| 100 |
1 |
0 |
|a Chase
|
| 245 |
1 |
4 |
|a The Social media sales revolution :
|b the new rules for finding customers, building relationships and closing more sales through online networking.
|
| 260 |
0 |
0 |
|a New York:
|b McGraw-Hill,
|c 2011.
|
| 300 |
# |
# |
|a 239 p.
|
| 650 |
0 |
0 |
|a Social media --
|x Marketing
|
| 650 |
0 |
0 |
|a Selling
|
| 700 |
1 |
0 |
|a Knebl,
|h Kevin
|
| 999 |
|
|
|a B000031918
|b Book
|c Book
|e Business Information Centre
|